Dalit Freedom Now and Forever: the Epic Struggle for Dalit Emancipation (Запис № 286181)
[ простий вигляд ]
| 000 -Лідер | |
|---|---|
| fixed length control field | 01758nam a22002657a 4500 |
| 001 - Контрольний номер | |
| control field | 5148669 |
| 003 - Ідентифікатор контрольного номера | |
| control field | UA-OsUOA |
| 005 - Дата та час останнього входження (трансакції) | |
| control field | 20200326104225.0 |
| 008 - Елементи даних фіксованої довжини – загальна інформація | |
| fixed length control field | 200304b -uso|||g |||| 00| 0 eng d |
| 020 ## - Міжнародний стандартний книжковий номер (ISBN) | |
| Міжнародний стандартний книжковий номер (ISBN) (НП) | 9780976429005 |
| 040 ## - Джерело каталогізації | |
| Агенція оригінальної каталогізації | UA-OsUOA |
| Мова каталогізації | ukr |
| Агенція, яка здійснювала перезапис | UA-OsUOA |
| Агенція, яка здійснювала модифікацію | UA-OsUOA |
| 041 ## - Код мови | |
| Код мови тексту/ звукової доріжки чи окремого заголовка (П) | eng |
| 080 ## - Індекс Універсальної десяткової класифікації | |
| Індекс Універсальної десяткової класифікації (УДК) (НП) | 929 |
| 090 ## - Локальний шифр розміщення | |
| Авторський знак (НП) | D10 |
| Класифікаційний індекс УДК | 929 |
| 100 ## - Основне введення – ім’я особи | |
| Ім’я особи (НП) | D'souza J. |
| 245 ## - Відомості про назву | |
| Назва (НП) | Dalit Freedom Now and Forever: the Epic Struggle for Dalit Emancipation |
| Дані про відповідальність (НП) | Joseph D'souza |
| 260 ## - Публікація, розповсюдження і т.п. (Вихідні дані) | |
| Місце публікації, розповсюдження і т.п. (П) | Centennial |
| Ім’я/ наймення видавництва, розповсюджувача і т.п. (П) | Dalit Freedom Network |
| Дата публікації, розповсюдження і т.п. (П) | 2004 |
| 300 ## - Фізичний опис | |
| Обсяг | 259 p. |
| 520 ## - Резюме і т.п. | |
| Резюме, реферат, анотація, тощо (НП) | The term Dalit is an ancient Marathi (West Indian language) word that may be defined as "ground" or "broken to pieces." It refers to people who have been broken, or ground down by those above them in a deliberate and active way. Dalits usually refer to the portion of the population falling outside of the Indian caste society; those who are traditionally known as the "outcastes," or, "untouchables." In many ways, Indias Dalits are the supreme victims of human civilization. For over 3,000 years, spiritual, physical, social, economic, economic, cultural, and political dehumanization. There are few days in India when the newspapers do not report atrocities against the Dalits. This book powerfully narrates recent development in India and the complex challenges facing the Indian Church and other faith communities as a result. It tells why Indian Christians have been targeted by the casteist Hindutva forces. It shows how Jesus is critically important to the Dalit Freedom movement. |
| 650 ## - Додаткове предметне введення – тематичний термін | |
| Джерело заголовка чи терміна | UDC |
| Тематичний термін чи географічна назва, як елемент введення (НП) | 929 Біографічні дослідження |
| 700 1# - Додаткове введення – ім'я особи | |
| Ім’я особи (НП) | D'souza Joseph |
| 942 ## - Додаткові елементи входу (Коха) | |
| Source of classification or shelving scheme | Universal Decimal Classification |
| Тип елемента Koha | Книги |
| 955 ## - Код типу видання за змістом | |
| Код типу видання за змістом (НП) | Науково-популярні видання |
| Стан вилучень | Стан втрат | Джерело класифікації або схеми стелажів | Стан уражень | Не для кредиту | Код колекції | Постійне місце розташування | Поточне розміщення | Дата придбання | Джерело придбання | Вартість, звичайна ціна покупки | Усього замовленно | Повний номер виклику | Штрих-код | Дата останнього перегляду | Вартість, ціна заміни | Ціна ефективна від | Тип елемента Koha | Примітка, призначена для загального доступу |
|---|---|---|---|---|---|---|---|---|---|---|---|---|---|---|---|---|---|---|
| Universal Decimal Classification | Paul Gordon Brodoway Collection | ВІЛ - Відділ іноземн. літератури НБ | ВІЛ - Відділ іноземн. літератури НБ | 27/09/2018 | Акт №02/18 | 10.00 | 929 D10 | 216467 | 15/11/2021 | 10.00 | 27/09/2018 | Книги | Бродовей Пол Гордон |